书目信息 |
| 题名: |
职业探索系列
|
|
| 作者: | 阿里斯托 著 ;储韡骎 译 | |
| 分册: | 3 我想当导演 | |
| 出版信息: | 杭州 浙江教育出版社 2013.04 |
|
| 页数: | 149页 | |
| 开本: | 25cm | |
| 丛书名: | ||
| 单 册: | ||
| 中图分类: | J238.2(312.6) , J911-49 | |
| 科图分类: | ||
| 主题词: | 漫画--作品集--韩国--现代 , 导演--少年读物 , 漫画 , 导演 | |
| 电子资源: | ||
| ISBN: | 978-7-5536-0570-8 | |
| 000 | 00976nam0 2200301 450 | |
| 001 | 012013074888 | |
| 005 | 20130703104742.09 | |
| 010 | @a978-7-5536-0570-8@dCNY25.00 | |
| 100 | @a20130628d2013 cemy0chiy0110 ea | |
| 101 | 1 | @achi@ckor |
| 102 | @aCN@b330000 | |
| 105 | @aa t 000yy | |
| 106 | @ar | |
| 200 | 1 | @a职业探索系列@9zhi ye tan suo xi lie@h3@i我想当导演@f(韩)阿里斯托著@g储韡骎译 |
| 210 | @a杭州@c浙江教育出版社@d2013.04 | |
| 215 | @a149页@c图@d25cm | |
| 330 | @a本书内容包括:电视信号神秘消失、意想不到的竞争者、来自忍者世家的新成员、荒凉小岛的独家新闻、制片人兼导演蒂蒂的处女作、懒虫病毒的惊天秘密。 | |
| 333 | @a青少年 | |
| 606 | 0 | @a漫画@x作品集@y韩国@z现代 |
| 606 | 0 | @a导演@j少年读物 |
| 606 | 0 | @a漫画 |
| 606 | 0 | @a导演 |
| 690 | @aJ238.2(312.6)@v5 | |
| 690 | @aJ911-49@v5 | |
| 701 | 0 | @c(韩)@a阿里斯托@9a li si tuo@4著 |
| 702 | 0 | @a储韡骎@9chu wei qin@4译 |
| 801 | 0 | @aCN@b人天书店@c20130628 |
| 905 | @b547218-21@dJ238.2(312.6)@e86@f4 | |
| 职业探索系列.3.我想当导演/(韩)阿里斯托著/储韡骎译.-杭州:浙江教育出版社,2013.04 |
| 149页:图;25cm |
| 使用对象:青少年 |
| ISBN 978-7-5536-0570-8:CNY25.00 |
| 本书内容包括:电视信号神秘消失、意想不到的竞争者、来自忍者世家的新成员、荒凉小岛的独家新闻、制片人兼导演蒂蒂的处女作、懒虫病毒的惊天秘密。 |
| ● |
| 相关链接 |
|
|
|
|
正题名:职业探索系列
索取号:J238.2(312.6)/86
 
预约/预借
| 序号 | 登录号 | 条形码 | 馆藏地/架位号 | 状态 | 备注 |
| 1 | 547218 | 205472184 | 第一样本阅览室/ [索取号:J238.2(312.6)/86] | 在馆 | |
| 2 | 547219 | 205472193 | 密集书库-美术系/ [索取号:J238.2(312.6)/86] | 在馆 | |
| 3 | 547220 | 205472200 | 第一借阅区/ [索取号:J238.2(312.6)/86] | 在馆 | |
| 4 | 547221 | 205472219 | 第一借阅区/ [索取号:J238.2(312.6)/86] | 在馆 |